000 00453nam a2200157Ia 4500
003 LK-CoDNM
008 010623t2007 xxu||||| |||| 00| 1 eng d
040 _aLK-CoDNM
_dLK-CoDNM
_eLK-CoDNM
041 _aeng
080 _a304 DES
100 _aDe Silva,W.Indralal
245 _aBeyond Twenty Million :Projecting The Population of Sri Lanka 001-2081
260 _bInstitute Of Polic Studies
_a Colombo 3
_c2007
300 _b52p.;28 cm cm
942 _cBK
999 _c126325
_d126325